Buddenbrooks : (Record n. 358009)

Dettagli MARC
000 -LEADER
fixed length control field 00754nam a2200217 i 4500
001 - CONTROL NUMBER
control field 000000282068
003 - CONTROL NUMBER IDENTIFIER
control field IT-MiSPE
005 - DATE AND TIME OF LATEST TRANSACTION
control field 20180925160935.0
008 - FIXED-LENGTH DATA ELEMENTS--GENERAL INFORMATION
fixed length control field 031002nuuuuuuuuxx 000 b ger c
040 ## - CATALOGING SOURCE
Original cataloging agency IT-MiSPE
Language of cataloging ita
Transcribing agency IT-MiSPE
041 ## - LANGUAGE CODE
Language code of text/sound track or separate title ger
082 ## - DEWEY DECIMAL CLASSIFICATION NUMBER
Classification number 833-MAN th bu (23192)
100 1# - MAIN ENTRY--PERSONAL NAME
Personal name Mann, Thomas,
Titles and words associated with a name Premio Nobel (1929)
Dates associated with a name 1875-1955.
Relator term autore
9 (RLIN) 57383
245 10 - TITLE STATEMENT
Title Buddenbrooks :
Remainder of title Verfall einer Familie /
Statement of responsibility, etc. Thomas Mann.
260 ## - PUBLICATION, DISTRIBUTION, ETC. (IMPRINT)
Place of publication, distribution, etc. Berlin :
Name of publisher, distributor, etc. Fischer (Lizenzausgabe für den Bertelsmann Lesering),
Date of publication, distribution, etc. 1957
300 ## - PHYSICAL DESCRIPTION
Extent 704 p. ;
Dimensions 19 cm
655 07 - INDEX TERM--GENRE/FORM
Genre/form data or focus term Lingua e letteratura tedesca
General subdivision Vari altri autori: opere originali e studi.
Source of term local
9 (RLIN) 57384
942 ## - ADDED ENTRY ELEMENTS (KOHA)
Source of classification or shelving scheme Dewey Decimal Classification
Koha item type LIBRO
Dati di copia
Withdrawn status Lost status Source of classification or shelving scheme Damaged status Not for loan Home library Current library Date acquired Total Checkouts Full call number Date last seen Price effective from Koha item type
    Dewey Decimal Classification Buone Condizioni Not For Loan CINISELLO CINISELLO 25/09/2018   833-MAN th bu (23192) 25/09/2018 25/09/2018 LIBRO
CREDITS: SOCIETA' SAN PAOLO Via A.Severo, 58 - ROMA (RM) & PERIODICI SAN PAOLO SRL Via Giotto, 36 MILANO & CISF Via Giotto, 36 MILANO & EDIZIONI SAN PAOLO SRL,  Piazza Soncino, 5 CINISELLO BALSAMO (MI) -- ITALY